00804nam a2200193 a 450000100100000000500170001000800410002704000250006824500830009326000360017630000330021249000580024570000300030371000810033383000650041404900090047995201050048899900170059300002898320200930055245.0110413s1994 dr 000 0 spa d aDO-SdBNPbspacBNPHU00aMedio ambiente y la salud en la República Dominicana /ceditor Hugo Mendoza. aSanto Domingo :bCENISM,c1994. a19 p. :bil., map. ;c28 cm.1 aInvestigación en saludapublicaciones técnicasv21 aMendoza, Hugoeed.9196261 aCentro Nacional de Investigaciones en Salud Materno Infantil (CENISM)95591100aInvestigaciones en saludppublicaciones técnicasv2955912 aBNPD 0010718PDaPDbPDcCTd2011-04-13iLF1l0o p28983-10r2020-06-25w2020-06-25yLFPDZNo se presta c28475d28475